000 00458nam a22001812 4500
001 0000004064
005 20170406115531.0
008 140807s xx 000 0 eng d
020 _c$
040 _aYour Holding Symbol
_cYour Holding Symbol
100 1 _aJohn Tay.
245 1 0 _aHoward O'Hagan.
250 _a ed.
260 _aToronto :
_bM&S,
_c1989.
300 _a272 p. ;
_c cm.
650 0 _aLITERATURE.
908 _a140807
999 _c3907
_d3907